Baby's First Words (Clothes) - Statistics

General Stats
  • This quiz has been taken 53 times
  • The average score is 7 of 14
Answer Stats
Starts With Clothing % Correct
S Shoe
92%
S Shirt
88%
P Pants
84%
S Sock
78%
H Hat
73%
C Coat
59%
J Jumper
59%
D Dress
47%
G Glove
43%
B Boot
39%
N Nappy
24%
S Slipper
12%
S Sneaker
12%
P Pajamas
10%
No matching quizzes found
Score Distribution
Percent of People with Each Score
Percentile by Number Answered
Your Score History
You have not taken this quiz